000 01778nam a2200529 a 4500
001 21483
003 VRT
005 20260302135722.0
008 240318s2016 xr a b 000 1 slo
015 _aSNBZSA2016/10
020 _a9788074515033
_q(viazané)
035 _aEDBDFE4F-9403-4B2C-97B0-E8536C98F6AC
035 _aurn:nbn:sk:snk-amyc80
035 _aurn:nbn:sk:snk-am00cgwv
039 9 _a202403182200
_bVLOAD
_c201907052212
_dAUTHORITY
_c201801240915
_dmttkjf04
_c201712190731
_dVLOAD
040 _aPPPK
_bslo
_cPPPK
_dSNK
_eAACR2
041 1 _aslo
_hcze
044 _axr
_cCZ
072 7 _a821.162.3
_xČeská literatúra
_2konspekt
072 7 _a821-93
_xLiteratúra pre deti a mládež (beletria)
_2konspekt
080 _a821.162.3-34
_22011
080 _a82-93-053.2
_22011
100 1 _aKaftanová, Irena,
_d1951-
_4aut
240 1 0 _aPříběhy lesních skřítků
_lSlovensky
245 1 0 _aŠkriatkovia z kamennej hôrky
_cIrena Kaftanová ; ilustrácie Dagmar Ježková ; [preklad: Ladislava Sudeková]
260 _aPraha
_bOttovo nakladatelství
_c2016
300 _a112 s.
_bilustr.
_c30 cm
490 1 _aPrvé čítanie
500 _aPreložené z češtiny
655 7 _ačeské rozprávky
_2SNKPH
655 7 _apublikácie pre deti
_2SNKPH
655 7 _aCzech fairy tales
_2SNKPHeng
655 7 _aChildren's literature
_2SNKPHeng
700 1 _aJežková, Dagmar,
_d1953-
_4ill
700 1 _aSudeková, Ladislava
_4trl
830 0 _aPrvé čítanie
910 _apppk
910 _apokpoh
910 _asllk
910 _askpk
910 _asnk
910 _ahevk
910 _atotk
910 _attkjf
942 _2ddc
_cKLDE
_n0
949 _617A1208044
_asnkSB 90617
_bsnk2016/21754
_oPemic78-ah/60Int. č. fa – 64/2016
_s6100:20161212
999 _c21483
_d21483